000 00780nas a2200253 4500
001 BR9511861
003 BR-BrBNA
005 20231205095621.0
007 ta
008 230509b bl.|||p| |||| 00| 00por d
040 _aBR-BrBNA
_bpor
_cBiblioteca Nacional de Agricultura
041 _a(Pt)
072 _aF30
100 1 _aIuchi, T.
100 1 _aIuchi, V.L.
245 1 _aComportamento preliminar de cultivares de pessego e nectarina na Regiao Serrana do Espirito Santo
650 _aPessego
650 _aNectarina
650 _aAclimatacao
650 _aComportamento de Variedade
773 0 _tRevista Brasileira de Fruticultura (Brazil)
_xISSN 0100-2945
_g(1990), v. 12(3) p. 25-29
_wBR9511861
909 _a202311
_bLúcia
_c55
_dLúcia Elande
942 _2AGRIS
_n0
_cANA
999 _c151720
_d151720